000 00564nam a22002057a 4500
003 UA-OsUOA
001 6994
007 ta
008 20031202b un ||||| |||| 00| 0 ukr d
100 _aЛощинин Михаил
942 _cSA
040 _aUA-OsUOA
_brus
_cUA-OsUOA
_dUA-OsUOA
245 _aПроблема статистического образа рыночного социума
300 _aС.66-75
955 _a0
041 _arus
044 _aUA
773 0 _w0
650 7 _aСоціально-економічні відносини
_2UDC
999 _c293155
_d293155